The economic development of Jordan ; report of a mission organized by the International Bank for Reconstruction and Development at the request of the Government of Jordan.

Bibliographic Details
Corporate Author: World Bank
Format: Book
Language:English
Published: Baltimore : Published for the International Bank for Reconstruction and Development by the Johns Hopkins Press, [1957]
Subjects:

MARC

Tag First Indicator Second Indicator Subfields
LEADER 00000cam a2200000 4500
001 in00000066912
005 20151008050808.0
008 720417s1957 mdu 00000 eng u
010 |a  57009517  
035 |a (OCoLC)00285215 
035 |9 AAG3423AM 
040 |c YNG  |d TXA  |d UtOrBLW 
049 |a TXAM  |c [286633] 
050 0 |a HC497.L4  |b I5 
082 0 |a 330.95695 
092 |a 330.95695  |b I61e 
110 2 |a World Bank. 
245 1 4 |a The economic development of Jordan ;  |b report of a mission organized by the International Bank for Reconstruction and Development at the request of the Government of Jordan. 
264 1 |a Baltimore :  |b Published for the International Bank for Reconstruction and Development by the Johns Hopkins Press,  |c [1957] 
300 |a xvi, 488 pages :  |b maps (part folded, part color) diagrams, tables. ;  |c 24 cm. 
336 |a text  |b txt  |2 rdacontent 
337 |a unmediated  |b n  |2 rdamedia 
338 |a volume  |b nc  |2 rdacarrier 
651 0 |a Jordan  |x Economic policy. 
999 |a MARS 
999 f f |s 535dff1e-7050-3408-a858-1f137a4a28d9  |i 5317ad2b-29c4-37d9-b626-1b85b1462e89  |t 0 
952 f f |p ric  |a Texas A&M University  |b Rellis Campus  |c Joint Library Facility  |d Remote Storage  |t 0  |e HC497.L4 I5  |h Library of Congress classification  |i unmediated -- volume  |m A14800704693 
998 f f |a HC497.L4 I5  |t 0  |l Remote Storage